Comparison of the Basic Provisions of the Nixon Administration General Revenue Sharing Bill (S.680 and H.R. 4187, 92nd Congress) and of Congressman Mills' Bill for Assisting State and Local Governments (H.R. 11950, 92nd Congress).

Bibliographic Details
Corporate Authors: Library of Congress. Congressional Research Service, ProQuest (Firm)
Format: eBook
Language:English
Published: [Place of publication not identified] : [publisher not identified], 1972.
Series:U.S. Congressional Research.
Subjects:
Online Access:Connect to the full text of this electronic book

MARC

Tag First Indicator Second Indicator Subfields
LEADER 00000cam a22000001a 4500
001 in00003370752
006 m d f
007 cr bn mmmapmmp
008 100605s1972 dcu o f000 0 eng d
005 20260430174345.7
035 |a cis2007874014 
040 |a ProQuest  |c ProQuest  |d UtOrBLW 
043 |a n-us--- 
099 |a CRS-1972-ECN-0004 
110 2 |a Library of Congress.  |b Congressional Research Service. 
245 1 0 |a Comparison of the Basic Provisions of the Nixon Administration General Revenue Sharing Bill (S.680 and H.R. 4187, 92nd Congress) and of Congressman Mills' Bill for Assisting State and Local Governments (H.R. 11950, 92nd Congress). 
264 1 |a [Place of publication not identified] :  |b [publisher not identified],  |c 1972. 
300 |a 1 online resource. 
336 |a text  |b txt  |2 rdacontent 
337 |a computer  |b c  |2 rdamedia 
338 |a online resource  |b cr  |2 rdacarrier 
500 |a Record is based on bibliographic data in ProQuest U.S. Congressional Research Digital Collection (last viewed June 2010). Reuse except for individual research requires license from ProQuest, LLC. 
500 |a CRS Report. 
500 |a Electronic resource. 
650 0 |a Revenue sharing. 
650 0 |a Local government. 
655 7 |a Electronic books.  |2 local 
710 2 |a ProQuest (Firm) 
776 0 8 |i Microfiche version:   |a Library of Congress. Congressional Research Service.  |t Comparison of the Basic Provisions of the Nixon Administration General Revenue Sharing Bill (S.680 and H.R. 4187, 92nd Congress) and of Congressman Mills' Bill for Assisting State and Local Governments (H.R. 11950, 92nd Congress) 
830 0 |a U.S. Congressional Research. 
856 4 0 |u http://proxy.library.tamu.edu/login?url=https://congressional.proquest.com/congcomp/getdoc?CRDC-ID=CRS-1972-ECN-0004  |z Connect to the full text of this electronic book  |t 0 
999 |a MARS 
999 f f |s 69eb3ce8-2410-39a4-bf7d-facc62ce12d7  |i 62e4077d-b728-3b01-b172-d48ad8b5a952  |t 0 
952 f f |a Texas A&M University  |b College Station  |c Electronic Resources  |s www_evans  |d Available Online  |t 0  |e CRS-1972-ECN-0004  |h Other scheme 
998 f f |a CRS-1972-ECN-0004  |t 0  |l Available Online